Collide - Rachel Platten - All Lyrics - Statistics

General Stats
  • This quiz has been taken 8 times
  • The average score is 202 of 335
Answer Stats
Answer % Correct
a
100%
all
100%
I
100%
(I
100%
the
100%
be
88%
for
88%
I'm
88%
I’m
88%
Oh-oh,
88%
oh-oh
88%
Oh-oh-oh
88%
on,
88%
you
88%
You
88%
been
75%
'cause
75%
don't
75%
feel
75%
in
75%
is
75%
like
75%
no
75%
No
75%
to
75%
when
75%
can
63%
dark
63%
know
63%
lights
63%
me
63%
not
63%
(Not
63%
really
63%
reason
63%
stay,
63%
Turn
63%
us
63%
wanna
63%
want
63%
we
63%
your
63%
always
50%
And
50%
and
50%
away
50%
collide
50%
Collide,
50%
collide,
50%
Come
50%
even
50%
get
50%
gonna
50%
honey,
50%
into
50%
I’ve
50%
keep
50%
Lately,
50%
leaving
50%
Love
50%
need
50%
pushing
50%
say
50%
though
50%
tonight
50%
tonight)
50%
Too
50%
why
50%
you're
50%
Acting
38%
but
38%
competition
38%
crash
38%
eyes
38%
hide
38%
hide,
38%
hide)
38%
let
38%
Let
38%
many
38%
moody
38%
surrendering
38%
talking
38%
things
38%
Although
25%
ask
25%
blossom
25%
both
25%
commotion,
25%
dumb
25%
emotions,
25%
forgiven
25%
games
25%
gently,
25%
Kiss
25%
Look
25%
my
25%
ocean,
25%
perfect,
25%
perfect
25%
playing
25%
steady
25%
stormy
25%
tell
25%
these
25%
we're
25%
darkness
13%
okay
13%
one's
13%
permission
13%
prison
13%
Sometimes
13%
winning
0%
No matching quizzes found
Score Distribution
Percent of People with Each Score
Percentile by Number Answered
Your Score History
You have not taken this quiz